| 000 | 00938cam a2200289 i 4500 | ||
|---|---|---|---|
| 001 | 37502 | ||
| 003 | Mx-PuUPA | ||
| 005 | 20251107112939.0 | ||
| 008 | 140415s2003 mx gr 000 0 spa d | ||
| 020 | _a9685074097 | ||
| 040 |
_aMx-PuUPA _bspa _cMx-PuUPA _dMx-PuUPA _erda |
||
| 041 | 0 | _aspa | |
| 043 | _an-mx--- | ||
| 100 | 1 |
_aMoreno González, L. Rafael, _94983 _eautor |
|
| 245 | 1 | 4 |
_aLos indicios biológicos del delito / _cL. Rafael Moreno |
| 264 | 1 |
_aMéxico, D.F. : _bInstituto Nacional de Ciencias Penales, _c©2003 |
|
| 300 |
_a91 páginas ; _c23 cm |
||
| 336 |
_2rdacontent _atexto _btxt |
||
| 337 |
_2rdamedia _asin medio _bn |
||
| 338 |
_2rdacarrier _avolumen _bnc |
||
| 650 | 7 |
_2armarc _aDelitos contra la persona _zMéxico |
|
| 650 | 7 |
_2armarc _aMedicina legal |
|
| 650 | 7 |
_2armarc _aInvestigación criminal _zMéxico |
|
| 942 |
_2ddc _cLI _h364.15 _iM82 |
||
| 999 |
_c37502 _d37502 |
||